"საქართველოში აგრარული პოლიტიკისა და სამართლებრივი რეგულირების პრობლემები თანამედროვე ეტაპზე", რესპუბლიკური სამეცნიერო-პრაქტიკული კონფერენცია (2011, ბათუმი) რესპუბლიკური სამეცნიერო-პრაქტიკული კონფერენცია "საქართველოში აგრარული პოლიტიკისა და სამართლებრივი რეგულირების პრობლემები თანამედროვე ეტაპზე" : (ბიბ.ჩანაწერი № 36815)
[ მარტივი ფორმატი ]
| 000 -ლიდერი | |
|---|---|
| ფიქსირებული სიგრძის საკონტროლო ველი | 02504nam a2200301Ia 4500 |
| 001 - საკონტროლო ნომერი | |
| საკონტროლო ველი | 2758 |
| 003 - საკონტროლო ნომრის იდენტიფიკატორი | |
| საკონტროლო ველი | GE_BSU |
| 005 - ბოლო ოპერაციის თარიღი და დრო | |
| საკონტროლო ველი | 20190607204510.0 |
| 008 - ფიქსირებული სიგრძის მონაცემთა ელემენტები - ზოგადი ინფორმაცია | |
| ფიქსირებული სიგრძის საკონტროლო ველი | 181216s2011||||ge |||||||||||||| ||geo|| |
| 020 ## - წიგნის საერთაშორისო სტანდარტული ნომერი | |
| International Standard Book Number | 9789941412882 |
| 040 ## - კატალოგიზაციის წყარო | |
| Transcribing agency | GE_BSU |
| 041 ## - ენის კოდი | |
| Language code of text/sound track or separate title | geo |
| 080 ## - უნივერსალური ათობითი კლასიფიკაციის ინდექსი | |
| Universal Decimal Classification number | 332.2+338.43+346.9(479.22)(063) რ–46 |
| 245 ## - ცნობა სათაურის შესახებ | |
| Title | "საქართველოში აგრარული პოლიტიკისა და სამართლებრივი რეგულირების პრობლემები თანამედროვე ეტაპზე", რესპუბლიკური სამეცნიერო-პრაქტიკული კონფერენცია (2011, ბათუმი) რესპუბლიკური სამეცნიერო-პრაქტიკული კონფერენცია "საქართველოში აგრარული პოლიტიკისა და სამართლებრივი რეგულირების პრობლემები თანამედროვე ეტაპზე" : |
| Remainder of title | შრომების კრებული / |
| Statement of responsibility, etc | რედ. პაატა კოღუაშვილი. |
| 264 ## - წარმოების, გამოცემის, დისტრიბუციის და სხვა ცნობები | |
| გამოცემის, წარმოების, დისტრიბუციის... ადგილი | ბათუმი : |
| გამოცემის, წარმოების, დისტრიბუციის... სახელწოდება | შოთა რუსთაველის სახელმწ. უნ-ტის გამ-ბა |
| 300 ## - ფიზიკური აღწერა | |
| Extent | 279 გვ. : |
| Other physical details | ცხრ., სურ. ; |
| Dimensions | 29 სმ. |
| 500 ## - ზოგადი შენიშვნა | |
| General note | ზესათ.: შოთა რუსთაველის სახელმწ. უნ-ტი. |
| 653 ## - INDEX TERM--UNCONTROLLED | |
| Uncontrolled term | საქართველოს აგრარული პოლიტიკა |
| 653 ## - INDEX TERM--UNCONTROLLED | |
| Uncontrolled term | მიწის სამართლებრივი რეგულირება საქართველოში |
| 700 ## - ADDED ENTRY--PERSONAL NAME | |
| Personal name | კოღუაშვილი, პაატა |
| Relator term | ავტორი |
| 9 (RLIN) | 2297 |
| 700 ## - ADDED ENTRY--PERSONAL NAME | |
| Personal name | მესხიშვილი, ანზორ |
| Relator term | ავტორი |
| 9 (RLIN) | 2298 |
| 700 ## - ADDED ENTRY--PERSONAL NAME | |
| Personal name | ფუტკარაძე, ნუგზარ |
| Relator term | ავტორი |
| 9 (RLIN) | 249 |
| 700 ## - ADDED ENTRY--PERSONAL NAME | |
| Personal name | ქათამაძე, დავით |
| Relator term | ავტორი |
| 9 (RLIN) | 2027 |
| 700 ## - ADDED ENTRY--PERSONAL NAME | |
| Personal name | ლიპარტელიანი, ნინო და სხვ. |
| Relator term | ავტორი |
| 9 (RLIN) | 2299 |
| 700 ## - ADDED ENTRY--PERSONAL NAME | |
| Personal name | კოღუაშვილი, პაატა |
| Relator term | რედაქტორი |
| 9 (RLIN) | 2300 |
| 710 ## - ADDED ENTRY--CORPORATE NAME | |
| Corporate name or jurisdiction name as entry element | შოთა რუსთაველის სახელმწ. უნ-ტი |
| 9 (RLIN) | 2301 |
| 942 ## - ADDED ENTRY ELEMENTS (KOHA) | |
| Koha item type | წიგნი |
| Source of classification or shelving scheme | |
| ჩამოწერის სტატუსი | დაკარგული ეგზემპლარის სტატუსი | კლასიფიკაციის წყარო ან თაროზე გაწყობის სქემა | დაზიანების სტატუსი | არ გაიცემა | მუდმივი მდებარეობა (დაცვის ადგილი) | ამჟამინდელი ადგილსამყოფელი | თაროზე განთავსების ადგილი | შეძენის თარიღი | ღირებულება, შესყიდვის ნორმალური ფასი | სრული შენახვის შიფრი | შტრიხკოდი | ბოლო ოპერაციის თარიღი | ეგზემპლარის მიმდევრობითი ნომერი (კეტერი?) | ფასის ძალაში შესვლის თარიღი | ეგზემპლარის სახეობა | საჯარო შენიშვნა |
|---|---|---|---|---|---|---|---|---|---|---|---|---|---|---|---|---|
| ბათუმის შოთა რუსთაველის სახელმწიფო უნივერსიტეტის მთავარი ბიბლიოთეკა | ბათუმის შოთა რუსთაველის სახელმწიფო უნივერსიტეტის მთავარი ბიბლიოთეკა | წიგნსაცავი | 2018-12-17 | 12.50 | 332.2+338.43+346.9(479.22)(063) რ–46 | 4728 | 2018-12-17 | 4728 | 2018-12-17 | წიგნი | 12 ლ. 50 თ. | |||||
| ბათუმის შოთა რუსთაველის სახელმწიფო უნივერსიტეტის მთავარი ბიბლიოთეკა | ბათუმის შოთა რუსთაველის სახელმწიფო უნივერსიტეტის მთავარი ბიბლიოთეკა | წიგნსაცავი | 2018-12-17 | 12.50 | 332.2+338.43+346.9(479.22)(063) რ–46 | 4729 | 2018-12-17 | 4729 | 2018-12-17 | წიგნი | 12 ლ. 50 თ. | |||||
| ბათუმის შოთა რუსთაველის სახელმწიფო უნივერსიტეტის მთავარი ბიბლიოთეკა | ბათუმის შოთა რუსთაველის სახელმწიფო უნივერსიტეტის მთავარი ბიბლიოთეკა | წიგნსაცავი | 2018-12-17 | 12.00 | 332.2+338.43+346.9(479.22)(063) რ–46 | 4730 | 2018-12-17 | 4730 | 2018-12-17 | წიგნი | 12 ლ. 50 თ. | |||||
| ბათუმის შოთა რუსთაველის სახელმწიფო უნივერსიტეტის მთავარი ბიბლიოთეკა | ბათუმის შოთა რუსთაველის სახელმწიფო უნივერსიტეტის მთავარი ბიბლიოთეკა | წიგნსაცავი | 2018-12-17 | 12.00 | 332.2+338.43+346.9(479.22)(063) რ–46 | 4731 | 2018-12-17 | 4731 | 2018-12-17 | წიგნი | 12 ლ. 50 თ. | |||||
| ბათუმის შოთა რუსთაველის სახელმწიფო უნივერსიტეტის მთავარი ბიბლიოთეკა | ბათუმის შოთა რუსთაველის სახელმწიფო უნივერსიტეტის მთავარი ბიბლიოთეკა | წიგნსაცავი | 2018-12-17 | 12.00 | 332.2+338.43+346.9(479.22)(063) რ–46 | 4732 | 2018-12-17 | 4732 | 2018-12-17 | წიგნი | 12 ლ. 50 თ. |
